| 000 | 00354nam a22001457a 4500 | ||
|---|---|---|---|
| 003 | OSt | ||
| 005 | 20160727222340.0 | ||
| 008 | 160620b xxu||||| |||| 00| 0 eng d | ||
| 040 | _cTEST | ||
| 100 |
_975 _aDavidson, A.J |
||
| 245 |
_aThe Story of Jonah _bThe Story of Jonah |
||
| 260 |
_aUSA _bG.R.Gibson _c1984 |
||
| 300 | _aThe Story of Jonah | ||
| 942 |
_2ddc _cBK |
||
| 999 |
_c60 _d60 |
||